|
|
|
|
| LEADER |
01365nam a2200373Ia 4500 |
| 001 |
EBC259908 |
| 003 |
MiAaPQ |
| 005 |
20200520144314.0 |
| 006 |
m o d | |
| 007 |
cr cn||||||||| |
| 008 |
040106s2004 enk sb 000 0 eng d |
| 020 |
|
|
|z 051119403X
|
| 020 |
|
|
|z 052183578X (Hbk)
|
| 035 |
|
|
|a (MiAaPQ)EBC259908
|
| 035 |
|
|
|a (Au-PeEL)EBL259908
|
| 035 |
|
|
|a (CaPaEBR)ebr10130388
|
| 035 |
|
|
|a (CaONFJC)MIL47799
|
| 035 |
|
|
|a (OCoLC)171138816
|
| 040 |
|
|
|a MiAaPQ
|c MiAaPQ
|d MiAaPQ
|
| 050 |
|
4 |
|a HC603
|b .T53 2004
|
| 100 |
1 |
|
|a Tiffen, Rodney.
|
| 245 |
1 |
0 |
|a How Australia compares
|h [electronic resource] /
|c Rodney Tiffen and Ross Gittins.
|
| 260 |
|
|
|a Cambridge :
|b Cambridge University Press,
|c 2004.
|
| 300 |
|
|
|a xii, 282 p.
|
| 504 |
|
|
|a Includes bibliographical references (p. 258-275).
|
| 533 |
|
|
|a Electronic reproduction. Ann Arbor, MI : ProQuest, 2015. Available via World Wide Web. Access may be limited to ProQuest affiliated libraries.
|
| 650 |
|
0 |
|a Economic history.
|
| 651 |
|
0 |
|a Australia
|x Politics and government
|y 2001-
|
| 651 |
|
0 |
|a Australia
|x Economic conditions
|y 2001-
|
| 651 |
|
0 |
|a Australia
|x Social life and customs
|y 2001-
|
| 655 |
|
4 |
|a Electronic books.
|
| 700 |
1 |
|
|a Gittins, Ross.
|
| 710 |
2 |
|
|a ProQuest (Firm)
|
| 856 |
4 |
0 |
|u https://ebookcentral.proquest.com/lib/matrademy/detail.action?docID=259908
|z Click to View
|